000 00430nab a2200145Ia 4500
003 ES-SlBCS
005 20210601130756.0
008 140529s1983 xxu||||| |||| 00| 0 fre d
041 _afre
100 1 _aGusdorf, Georges
_918882
245 0 0 _aScience et Pouvoir. L'utopie et son échec
_c Georges Gusdorf
650 0 4 _aUtopía
_9127419
773 0 _tPresença Filosofica
_gvol. 9, nº. 3-4, 1983, págs. 5-17
_wRev966
942 _cAR
999 _c552188
_d552188